[Event "Rüttenscheid- Haltern"]
[Site "?"]
[Date "2023.09.03"]
[Round "1.2"]
[White "Kreitling, Oliver"]
[Black "Czarnik, Josef"]
[Result "1-0"]
[WhiteElo "1900"]
[BlackElo "1899"]
[Annotator "daniel"]
[PlyCount "113"]
[SourceDate "2023.09.13"]

1. d4 d5 2. c4 c6 3. Nf3 Nf6 4. Nc3 e6 5. Bg5 Be7 6. e3 O-O 7. Rc1 Nbd7 8. cxd5
exd5 9. Bd3 h6 10. Bh4 Re8 11. O-O Ne4 12. Bxe7 Qxe7 13. Nd2 Ndf6 14. Ndxe4
Nxe4 15. Nxe4 dxe4 16. Be2 Be6 $11 17. a3 Qg5 18. Rc5 Bd5 19. g3 Rad8 20. b4
Qe7 21. Qc2 g6 22. Rc1 Kg7 23. b5 Rd6 24. Bf1 h5 25. Qb2 Kh6 26. Qb4 h4 27.
bxc6 bxc6 28. Rb1 hxg3 29. hxg3 Kg7 30. Ra5 Red8 31. Qc5 R6d7 32. Qxe7 Rxe7 33.
Ra4 Kf6 34. Rab4 Rdd7 35. Ba6 Rc7 36. Rc1 Ke6 37. Rb8 Kd6 38. Kg2 Kd7 39. g4
Re8 40. Rxe8 Kxe8 41. Kg3 Ke7 42. Kf4 Kf6 43. g5+ Ke6 44. Bc4 Rb7 45. Bxd5+
cxd5 46. Rc6+ Kd7 47. Rf6 Ke7 48. Ke5 Rb3 49. Ra6 Rb2 50. Kxd5 Rxf2 51. Rxa7+
Ke8 52. Kxe4 Rf5 53. a4 Rxg5 54. a5 f5+ 55. Kf3 Rg1 56. a6 g5 57. Rb7 1-0

[Event "Rüttenscheid- Haltern"]
[Site "?"]
[Date "2023.09.03"]
[Round "1.3"]
[White "Lombardi, Marco"]
[Black "Furchtbar, Uwe"]
[Result "0-1"]
[WhiteElo "1866"]
[BlackElo "1888"]
[PlyCount "38"]
[SourceDate "2023.09.13"]

1. e4 c6 2. d4 d5 3. Nc3 dxe4 4. Nxe4 Bf5 5. Ng3 Bg6 6. Nf3 Nd7 7. Nh4 e5 8.
Nxg6 hxg6 9. h3 Qb6 10. dxe5 O-O-O 11. Qe2 Re8 12. f4 g5 13. c3 gxf4 14. Bxf4
g5 15. Bxg5 Rxe5 16. Ne4 f5 17. O-O-O fxe4 18. Qg4 Qc7 19. Bc4 Rxg5 0-1

[Event "Rüttenscheid- Haltern"]
[Site "?"]
[Date "2023.09.03"]
[Round "1.4"]
[White "Koprek, Juergen"]
[Black "Schulz, Alfons"]
[Result "1/2-1/2"]
[WhiteElo "1874"]
[BlackElo "1759"]
[PlyCount "48"]
[SourceDate "2023.09.13"]

1. d4 Nf6 2. Nf3 e6 3. Bf4 b6 4. e3 Bb7 5. Nbd2 Be7 6. Bd3 d5 7. c3 Nbd7 8. h3
O-O 9. O-O c5 10. Ne5 Rc8 11. Qf3 Re8 12. g4 a6 13. Qg2 Nxe5 14. Bxe5 Nd7 15.
Bh2 Nf8 16. f4 f6 17. Rae1 Bd6 18. Qf2 Qd7 19. Nf3 Qc7 20. h4 Qd7 21. a3 Qc7
22. Re2 g6 23. Qg2 Qg7 24. Kh1 Kh8 1/2-1/2

[Event "Rüttenscheid- Haltern"]
[Site "?"]
[Date "2023.09.03"]
[Round "1.5"]
[White "Lohkemper, Malte"]
[Black "Busacker, Holger"]
[Result "1/2-1/2"]
[WhiteElo "1691"]
[BlackElo "1791"]
[PlyCount "70"]
[SourceDate "2023.09.13"]

1. d4 Nf6 2. Bf4 d5 3. e3 e6 4. Nd2 c5 5. c3 Nc6 6. Ngf3 Bd6 7. Bg3 O-O 8. Bd3
Re8 9. Ne5 cxd4 10. exd4 Ne7 11. Ndf3 Nf5 12. Ng5 Re7 13. Nexf7 Rxf7 14. Bxd6
Nxd6 15. Nxf7 Nxf7 16. Qe2 Qb6 17. O-O-O Bd7 18. h4 Re8 19. f3 e5 20. Qf1 Nd6
21. dxe5 Rxe5 22. Re1 Nc4 23. Bxc4 Rxe1+ 24. Qxe1 dxc4 25. g4 Kf7 26. Qe2 Qe6
27. Qd2 Bc6 28. Rf1 Nd5 29. Re1 Qf6 30. Qe2 b5 31. g5 Qd6 32. f4 Nxf4 33. Rf1
Kg6 34. h5+ Nxh5 35. Qf2 Qf4+ 1/2-1/2

[Event "Rüttenscheid- Haltern"]
[Site "?"]
[Date "2023.09.03"]
[Round "1.6"]
[White "Bruckmann, Jochen"]
[Black "Truszkowski, Hans"]
[Result "1/2-1/2"]
[WhiteElo "1777"]
[BlackElo "1689"]
[PlyCount "41"]
[SourceDate "2023.09.13"]

1. d4 d5 2. c4 e6 3. Nc3 Nf6 4. Bg5 Be7 5. e3 h6 6. Bxf6 Bxf6 7. Nf3 c6 8. Bd3
O-O 9. Qc2 Nd7 10. cxd5 exd5 11. O-O Re8 12. Rfe1 Nf8 13. h3 Be6 14. Rad1 Rc8
15. e4 dxe4 16. Nxe4 Bd5 17. Nxf6+ Qxf6 18. Ne5 Qg5 19. Be4 Rcd8 20. Bxd5 Rxd5
21. Nf3 1/2-1/2

[Event "Rüttenscheid- Haltern"]
[Site "?"]
[Date "2023.09.03"]
[Round "1.7"]
[White "Struebig, Dominik"]
[Black "Richters, Marc"]
[Result "0-1"]
[WhiteElo "1668"]
[BlackElo "1811"]
[PlyCount "62"]
[SourceDate "2023.09.13"]

1. e4 c5 2. Nf3 d6 3. d4 cxd4 4. Nxd4 Nf6 5. Nc3 Nc6 6. Bc4 Qb6 7. Be3 Ng4 8.
O-O Nxe3 9. fxe3 Ne5 10. Nd5 Qd8 11. Nb5 Nxc4 12. Ndc7+ Kd7 13. Qg4+ Kc6 14.
Qg5 Ne5 15. Nxa8 Kxb5 16. Rad1 f6 17. Qh5 Bg4 18. Rd5+ Kc6 19. Qh4 Be6 20. Rd4
Qxa8 21. Qe1 Kd7 22. Qe2 Qc8 23. b3 g5 24. c4 h5 25. Rc1 Qc5 26. b4 Qc7 27. c5
Ke8 28. Qd1 dxc5 29. Rxc5 Qb6 30. a4 a5 31. bxa5 Qxc5 0-1

[Event "Rüttenscheid- Haltern"]
[Site "?"]
[Date "2023.09.03"]
[Round "1.8"]
[White "Fischer, Wilhelm"]
[Black "Stueer, Justus"]
[Result "1-0"]
[WhiteElo "1719"]
[BlackElo "1658"]
[Annotator "daniel"]
[PlyCount "61"]
[SourceDate "2023.09.13"]

1. b4 Nf6 2. Bb2 d5 3. e3 Bf5 4. Nf3 e6 5. b5 c5 6. Be2 Be7 7. O-O O-O 8. Nh4
Ne4 9. Nxf5 exf5 10. d3 Nd6 11. c4 dxc4 12. dxc4 Nd7 13. Nd2 Bf6 14. Qc2 Bxb2
15. Qxb2 Nf6 16. Rfd1 Qc7 17. Qc2 Rfe8 18. Bf3 $11 Rad8 19. a4 h6 20. Bd5 Nxd5
21. cxd5 b6 22. Nc4 Re4 23. Nxd6 Rxd6 24. Ra3 Qd7 25. Rad3 Qe7 26. a5 f4 27.
axb6 axb6 28. Ra3 g6 29. Ra8+ Kg7 30. Qc3+ Kh7 31. Qh8# 1-0

[Event "Altenessen- Dortmund 2"]
[Site "?"]
[Date "2023.09.03"]
[Round "1.1"]
[White "Koehler, Eckart"]
[Black "Praß, Marian"]
[Result "1/2-1/2"]
[WhiteElo "1886"]
[BlackElo "2000"]
[PlyCount "108"]
[SourceDate "2023.09.13"]

1. c4 Nf6 2. Nc3 g6 3. g3 Bg7 4. Bg2 c5 5. e4 Nc6 6. Nge2 O-O 7. O-O d6 8. d3
Rb8 9. h3 a6 10. a4 Ne8 11. f4 Nc7 12. b3 b5 13. Rb1 Nd4 14. Be3 Bd7 15. axb5
axb5 16. Bf2 Nxe2+ 17. Nxe2 Qc8 18. Qc2 Bxh3 19. Kh2 Bxg2 20. Kxg2 Qb7 21. b4
cxb4 22. Rxb4 Qa8 23. Rfb1 bxc4 24. Rxb8 Rxb8 25. Rxb8+ Qxb8 26. Qxc4 Qb7 27.
Bd4 d5 28. Qc2 Ne6 29. Bxg7 Kxg7 30. Qc3+ Kg8 31. Qe5 dxe4 32. dxe4 Qc7 33.
Qxc7 Nxc7 34. Kf3 f6 35. Nd4 Kf7 36. Nc6 Ke8 37. Ke3 Kd7 38. Nd4 Kd6 39. Nf3
Ne6 40. e5+ Kd5 41. exf6 exf6 42. Kd3 Nc5+ 43. Ke3 Ne4 44. g4 Nd6 45. Ne1 Nc4+
46. Kf3 Kd4 47. Nc2+ Kc3 48. Ne1 Kd2 49. Ng2 Kd3 50. Ne1+ Kd4 51. Nc2+ Kc3 52.
Ne1 Nd6 53. Ng2 Kd4 54. Ne1 Nc4 1/2-1/2

[Event "Altenessen- Dortmund 2"]
[Site "?"]
[Date "2023.09.03"]
[Round "1.2"]
[White "Rohloff, Markus"]
[Black "Haneberg, Alexander"]
[Result "0-1"]
[WhiteElo "1896"]
[BlackElo "1803"]
[PlyCount "40"]
[SourceDate "2023.09.13"]

1. e4 e5 2. f4 exf4 3. Nf3 Be7 4. Bc4 d6 5. O-O Nf6 6. Nc3 Bg4 7. d4 g5 8. e5
dxe5 9. Bxf7+ Kf8 10. Bb3 exd4 11. Ne2 Bxf3 12. Rxf3 Nc6 13. Bxf4 gxf4 14. Nxf4
Qd6 15. Nd5 Ne5 16. Rf5 Kg7 17. Nxe7 Qxe7 18. Qe1 Ng6 19. Qf2 Rae8 20. Rf1 Rhf8
0-1

[Event "Altenessen- Dortmund 2"]
[Site "?"]
[Date "2023.09.03"]
[Round "1.3"]
[White "Lamers, Ludwig"]
[Black "Kordonowski, Frank"]
[Result "1/2-1/2"]
[WhiteElo "1825"]
[BlackElo "1911"]
[PlyCount "85"]
[SourceDate "2023.09.13"]

1. d4 Nf6 2. c4 e6 3. Nf3 d5 4. Nc3 Be7 5. Bf4 O-O 6. e3 Nh5 7. Bg3 Nxg3 8.
hxg3 c6 9. Bd3 h6 10. Ne5 Bf6 11. Qg4 Bxe5 12. dxe5 f5 13. Qg6 Qe8 14. Rxh6
Qxg6 15. Rxg6 Kf7 16. Rg5 Nd7 17. f4 Rh8 18. Kf2 Nc5 19. Be2 g6 20. b4 Ne4+ 21.
Nxe4 fxe4 22. Rc1 Bd7 23. Rg4 a6 24. Rh4 b5 25. cxb5 axb5 26. Rxh8 Rxh8 27. a3
Rc8 28. g4 g5 29. g3 Kg6 30. Kg2 Ra8 31. Rc3 Be8 32. Bf1 Rd8 33. Kf2 Bd7 34.
Bh3 Rf8 35. Kg2 gxf4 36. gxf4 d4 37. exd4 Rxf4 38. Kg3 Kg5 39. Re3 Be8 40. Rc3
e3 41. Rxe3 Rxd4 42. Kf2 Kf4 43. Rf3+ 1/2-1/2

[Event "Altenessen- Dortmund 2"]
[Site "?"]
[Date "2023.09.03"]
[Round "1.4"]
[White "Cavasin, Joerg"]
[Black "Dohmann, Dorothea"]
[Result "1-0"]
[WhiteElo "1870"]
[BlackElo "1785"]
[PlyCount "65"]
[SourceDate "2023.09.13"]

1. Nf3 Nf6 2. c4 c6 3. e3 d5 4. b3 g6 5. Bb2 Bg7 6. Be2 O-O 7. Nc3 Re8 8. d4
Nbd7 9. cxd5 Nxd5 10. Nxd5 cxd5 11. O-O b6 12. Bb5 Bb7 13. Ne5 Nxe5 14. Bxe8
Ba6 15. dxe5 Bxf1 16. Bxf7+ Kxf7 17. e6+ Kxe6 18. Bxg7 Ba6 19. Qd4 Qc7 20. e4
Bb7 21. exd5+ Kf7 22. Bh6 Rg8 23. h4 Qd6 24. Rd1 Qf6 25. Qe3 Rc8 26. Bg5 Qd6
27. Bf4 Qf6 28. d6 Rd8 29. Bg5 Rxd6 30. Re1 Qe6 31. Qf4+ Kg7 32. Rxe6 Rxe6 33.
Bh6+ 1-0

[Event "Altenessen- Dortmund 2"]
[Site "?"]
[Date "2023.09.03"]
[Round "1.5"]
[White "Lanwehr, Klaus"]
[Black "Avgustin, Dirk"]
[Result "0-1"]
[WhiteElo "1778"]
[BlackElo "1718"]
[PlyCount "52"]
[SourceDate "2023.09.13"]

1. d4 Nf6 2. c4 e6 3. Nc3 d5 4. Bg5 Be7 5. e3 a6 6. cxd5 exd5 7. Bd3 Nbd7 8.
Nge2 O-O 9. O-O Re8 10. Rc1 h6 11. Bxf6 Nxf6 12. Bb1 Bf8 13. Qc2 c6 14. Ng3 Qd6
15. Na4 g6 16. Nc5 Ng4 17. Rfe1 h5 18. Nxh5 Qxh2+ 19. Kf1 Qxh5 20. Nd3 Bf5 21.
Qd2 Bd6 22. Ne5 Bxe5 23. dxe5 Rxe5 24. Qb4 Qh1+ 25. Ke2 Qxg2 26. Qf4 Bxb1 0-1

[Event "Altenessen- Dortmund 2"]
[Site "?"]
[Date "2023.09.03"]
[Round "1.6"]
[White "Drawe, Thomas"]
[Black "Meinike, Thorsten"]
[Result "1-0"]
[WhiteElo "1793"]
[BlackElo "1751"]
[PlyCount "117"]
[SourceDate "2023.09.13"]

1. c4 e6 2. d4 d5 3. Nc3 Nf6 4. Bg5 Be7 5. e3 O-O 6. Nf3 h6 7. Bh4 b6 8. Rc1
Bb7 9. Bxf6 Bxf6 10. cxd5 exd5 11. Bd3 Re8 12. O-O Nd7 13. Nb5 c6 14. Nd6 Re6
15. Nxb7 Qc7 16. Bf5 Re7 17. Bxd7 Rxd7 18. Nc5 bxc5 19. Rxc5 Qb6 20. Qc2 Rc8
21. a3 Be7 22. Ne5 Rdc7 23. Rc3 c5 24. Rc1 Qe6 25. Nd3 c4 26. Nf4 Qc6 27. Qf5
Rd8 28. Ne2 Rb7 29. b4 a5 30. bxa5 Qa4 31. g3 Qxa5 32. Rxc4 Qxa3 33. Rc8 Qd6
34. Rxd8+ Bxd8 35. Rc5 Rd7 36. Nf4 g6 37. Qxd5 Bb6 38. Qxd6 Rxd6 39. Rb5 Kg7
40. Kf1 f5 41. Ke2 g5 42. Nd3 Kf6 43. Ne5 Bd8 44. Rb8 h5 45. Kd3 g4 46. Kc4 Ke6
47. Rc8 h4 48. Rc6 hxg3 49. hxg3 Ba5 50. Rxd6+ Kxd6 51. Nd3 Bd2 52. d5 Ba5 53.
e4 fxe4 54. Nc5 Be1 55. Nxe4+ Ke5 56. Kd3 Bb4 57. d6 Ba5 58. Nc5 Bd8 59. Nb7
1-0

[Event "Altenessen- Dortmund 2"]
[Site "?"]
[Date "2023.09.03"]
[Round "1.7"]
[White "Kramer, Martin"]
[Black "Praßer, Peter"]
[Result "1/2-1/2"]
[WhiteElo "1622"]
[BlackElo "1693"]
[PlyCount "40"]
[SourceDate "2023.09.13"]

1. Nf3 d5 2. c4 e6 3. e3 Nf6 4. Nc3 c6 5. b3 Nbd7 6. d4 Bb4 7. Bb2 Ne4 8. Qc2
a6 9. a3 Bxc3+ 10. Bxc3 Nxc3 11. Qxc3 O-O 12. Be2 Qf6 13. O-O dxc4 14. bxc4 Re8
15. Rac1 e5 16. d5 c5 17. e4 h6 18. Nd2 Qg5 19. Rce1 b6 20. Kh1 Nf8 1/2-1/2

[Event "Altenessen- Dortmund 2"]
[Site "?"]
[Date "2023.09.03"]
[Round "1.8"]
[White "Kuhn, Manfred"]
[Black "Xu, Dehn"]
[Result "1-0"]
[WhiteElo "2026"]
[BlackElo "1488"]
[PlyCount "25"]
[SourceDate "2023.09.13"]

1. d4 Nf6 2. c4 e6 3. Nc3 Bb4 4. Bd2 c5 5. d5 Bxc3 6. Bxc3 exd5 7. cxd5 d6 8.
e4 Nxe4 9. Qa4+ Kf8 10. Qxe4 Qg5 11. Nf3 Qh6 12. Bb5 a6 13. Qe8# 1-0

[Event "Welper 2- Bochum 3"]
[Site "?"]
[Date "2023.09.03"]
[Round "1.1"]
[White "Von Bargen, Lukas"]
[Black "Adiyaman, Rene"]
[Result "1-0"]
[WhiteElo "2097"]
[BlackElo "2090"]
[PlyCount "95"]
[SourceDate "2023.09.13"]

1. d4 Nf6 2. c4 e5 3. dxe5 Ng4 4. Bf4 g5 5. Bg3 Bg7 6. Nf3 Nc6 7. e3 h5 8. h4
Ngxe5 9. Nxe5 Nxe5 10. hxg5 Qxg5 11. Bf4 Qg6 12. Nc3 d6 13. Nb5 Kd8 14. c5 a6
15. Nd4 d5 16. Qb3 c6 17. Qb6+ Kd7 18. Rd1 Re8 19. Rh3 Bf6 20. Rg3 Qe4 21. Be2
h4 22. Bg4+ Ke7 23. Qc7+ Kf8 24. Qd6+ Kg7 25. Bf5+ hxg3 26. Bh6+ Kxh6 27. Qxf6+
Ng6 28. Bxe4 Rxe4 29. Kd2 Rh4 30. fxg3 Rh2 31. Nf3 Rxg2+ 32. Kc3 Rxg3 33. Rh1+
Bh3 34. Qf5 Kg7 35. Rxh3 Rxh3 36. Qxh3 Re8 37. Nd4 Re4 38. Qg3 Kf6 39. Qf3+ Ke7
40. Nf5+ Kf8 41. Qg3 Re5 42. Nd6 Re7 43. Qh3 Kg8 44. Nxb7 Ne5 45. Nd6 Nd7 46.
Nf5 Re4 47. Qg3+ Kf8 48. Qg7+ 1-0

[Event "Welper 2- Bochum 3"]
[Site "?"]
[Date "2023.09.03"]
[Round "1.2"]
[White "Sharma, Danesh"]
[Black "Birkemeyer, Jan"]
[Result "1-0"]
[WhiteElo "1956"]
[BlackElo "1918"]
[PlyCount "81"]
[SourceDate "2023.09.13"]

1. e4 c5 2. c3 d5 3. exd5 Qxd5 4. d4 Nf6 5. Nf3 Nc6 6. Be2 e6 7. O-O Be7 8. c4
Qd8 9. dxc5 Qxd1 10. Rxd1 Bxc5 11. Nc3 h6 12. Na4 Be7 13. a3 Bd7 14. Be3 Nd4
15. Nxd4 Bxa4 16. b3 Bd7 17. Bf3 e5 18. Nb5 Bxb5 19. cxb5 e4 20. Be2 O-O 21. a4
b6 22. a5 Bc5 23. Bxc5 bxc5 24. Rd6 Rfc8 25. Rc1 Rc7 26. b4 Ne8 27. Rd5 cxb4
28. Rxc7 Nxc7 29. Rd4 f5 30. Rxb4 Rb8 31. b6 axb6 32. Rxb6 Ra8 33. a6 Kh7 34.
Bc4 Rc8 35. Rc6 f4 36. Kf1 f3 37. gxf3 exf3 38. Bd3+ Kh8 39. a7 Rd8 40. Rxc7
Rxd3 41. a8=Q+ 1-0

[Event "Welper 2- Bochum 3"]
[Site "?"]
[Date "2023.09.03"]
[Round "1.3"]
[White "Ivanov, Alexander"]
[Black "Marx, Patrick"]
[Result "0-1"]
[WhiteElo "1900"]
[BlackElo "1964"]
[PlyCount "106"]
[SourceDate "2023.09.13"]

1. e4 c6 2. d4 d5 3. e5 Bf5 4. h4 h6 5. g4 Bd7 6. h5 e6 7. f4 c5 8. c3 Nc6 9.
Nf3 Rc8 10. Nbd2 cxd4 11. cxd4 Nb4 12. Kf2 Qb6 13. b3 Ne7 14. Bb2 Bb5 15. Kg3
Nec6 16. a4 Bxf1 17. Qxf1 Na5 18. Qb5+ Qxb5 19. axb5 b6 20. Rac1 Rxc1 21. Rxc1
Nd3 22. Rc2 Nxb2 23. Rxb2 Bb4 24. Rc2 Kd7 25. Kf2 Ra8 26. Ke3 a6 27. bxa6 Rxa6
28. Rc1 Nc6 29. Rc2 Ra1 30. f5 exf5 31. gxf5 Rh1 32. Ra2 Rxh5 33. Kf4 Bc3 34.
Ra6 Kc7 35. Ra8 Bxd2+ 36. Nxd2 Rh4+ 37. Ke3 Rh3+ 38. Nf3 Nxd4 39. Kxd4 Rxf3 40.
Ra7+ Kc6 41. Rxf7 Rf4+ 42. Kd3 h5 43. e6 h4 44. Ke3 Rf1 45. Ke2 Rg1 46. f6 gxf6
47. Rxf6 h3 48. Rh6 Rg3 49. b4 Kd6 50. e7+ Kxe7 51. Rxb6 h2 52. Rh6 Rb3 53. Kd2
Rb1 0-1

[Event "Welper 2- Bochum 3"]
[Site "?"]
[Date "2023.09.03"]
[Round "1.4"]
[White "Nuernberger, David"]
[Black "Peters, Olaf"]
[Result "1-0"]
[WhiteElo "1776"]
[BlackElo "1873"]
[PlyCount "85"]
[SourceDate "2023.09.13"]

1. e4 c5 2. Nf3 Nc6 3. d4 cxd4 4. Nxd4 e5 5. Nb5 a6 6. Nd6+ Bxd6 7. Qxd6 Qf6 8.
Qd1 Qg6 9. Nc3 Nge7 10. Be3 O-O 11. Qd2 d6 12. O-O-O Be6 13. h4 f5 14. Nd5 Bxd5
15. exd5 Nd8 16. h5 Qe8 17. h6 g6 18. f4 Nf7 19. fxe5 dxe5 20. d6 Nc6 21. Bc4
Kh8 22. Bc5 Qd7 23. g4 f4 24. Bd5 Rac8 25. Bg2 Ng5 26. Rhe1 Rce8 27. Bxc6 bxc6
28. Qc3 Nf7 29. Re4 Nxh6 30. Rxe5 Rxe5 31. Qxe5+ Kg8 32. Bd4 Nxg4 33. Qh8+ Kf7
34. Qg7+ Ke8 35. Re1+ Ne3 36. Qe5+ Kd8 37. Bxe3 fxe3 38. Qxe3 Rf7 39. Qb6+ Kc8
40. Qxa6+ Kb8 41. Re3 Qc8 42. Rb3+ Rb7 43. Ra3 1-0

[Event "Welper 2- Bochum 3"]
[Site "?"]
[Date "2023.09.03"]
[Round "1.5"]
[White "Abdullayev, Elchin"]
[Black "Teich, Udo"]
[Result "1-0"]
[WhiteElo "1878"]
[BlackElo "1857"]
[PlyCount "81"]
[SourceDate "2023.09.13"]

1. d4 Nf6 2. c4 e6 3. Nf3 b6 4. Bg5 Bb7 5. e3 Be7 6. Nc3 d6 7. Bd3 c5 8. O-O
Nbd7 9. h3 O-O 10. Rc1 Re8 11. Bb1 Rc8 12. b3 a6 13. Bf4 Bf8 14. Bg3 Qc7 15.
Ng5 Qb8 16. Nge4 Qa8 17. f3 cxd4 18. exd4 d5 19. cxd5 Nxd5 20. Nxd5 Bxd5 21.
Qd3 f5 22. Nc3 Ba3 23. Rc2 Nf6 24. Be5 Nd7 25. Bf4 Nf6 26. g4 g6 27. gxf5 gxf5
28. Rg2+ Kf7 29. Be5 Nd7 30. Bf4 Nf6 31. Bc2 Red8 32. Bg5 Be7 33. Re2 Rd7 34.
Qe3 b5 35. h4 Qc6 36. Nd1 Rcd8 37. Nf2 Bxf3 38. Nd3 Ng4 39. Qxf3 Qd6 40. Qxg4
Bxg5 41. hxg5 1-0

[Event "Welper 2- Bochum 3"]
[Site "?"]
[Date "2023.09.03"]
[Round "1.6"]
[White "Leimkuehler, Dirk"]
[Black "Lampe, Thomas"]
[Result "1-0"]
[WhiteElo "1804"]
[BlackElo "1925"]
[PlyCount "71"]
[SourceDate "2023.09.13"]

1. f4 c5 2. Nf3 Nc6 3. g3 d5 4. Bg2 Bg4 5. Nc3 e6 6. h3 Bxf3 7. Bxf3 Nge7 8.
O-O Rc8 9. d3 d4 10. Ne4 Nd5 11. c4 Nf6 12. Bd2 Be7 13. a3 O-O 14. Nxf6+ Bxf6
15. b4 b6 16. bxc5 bxc5 17. Qa4 Qd7 18. Rab1 e5 19. Bg4 Qe7 20. Bxc8 Rxc8 21.
g4 exf4 22. Bxf4 Be5 23. Qa6 Rc7 24. Bd2 Qh4 25. Rf3 h5 26. gxh5 Qxh5 27. Rb7
Ne7 28. Rxa7 Rc6 29. Qa4 Rg6+ 30. Kh1 Bg3 31. Qd7 Re6 32. Rxg3 Qxe2 33. Qe8+
Kh7 34. Qxf7 Qe5 35. Rxg7+ Qxg7 36. Qxe6 1-0

[Event "Welper 2- Bochum 3"]
[Site "?"]
[Date "2023.09.03"]
[Round "1.7"]
[White "Bautz, Volker"]
[Black "Heidt, Viktor"]
[Result "0-1"]
[WhiteElo "1785"]
[BlackElo "1826"]
[PlyCount "80"]
[SourceDate "2023.09.13"]

1. d4 Nf6 2. c4 e6 3. Nc3 Bb4 4. Nf3 c5 5. a3 Bxc3+ 6. bxc3 O-O 7. g3 Nc6 8.
Bg2 d6 9. O-O Qe7 10. Bg5 h6 11. Bf4 e5 12. dxe5 dxe5 13. Be3 e4 14. Ne1 b6 15.
Qa4 Bb7 16. Nc2 Na5 17. Qb5 Bc6 18. Qa6 Ne8 19. Bf4 g5 20. Nb4 Bb7 21. Qb5 gxf4
22. Nd5 Bxd5 23. cxd5 Nd6 24. Qa4 fxg3 25. fxg3 f5 26. Rf4 Rf7 27. Qc2 Nac4 28.
Bh3 Qe5 29. a4 Qxd5 30. Rd1 Qe5 31. Qc1 Rf6 32. Rdf1 Raf8 33. Rh4 Kg7 34. Rh5
Qe6 35. Qf4 Qe5 36. Qc1 Qe6 37. Qf4 Ne5 38. Kh1 Ng4 39. Qd2 e3 40. Qc2 Nf2+ 0-1

[Event "Welper 2- Bochum 3"]
[Site "?"]
[Date "2023.09.03"]
[Round "1.8"]
[White "Sharma, Rakesh"]
[Black "Vonderhecken, Florian"]
[Result "1/2-1/2"]
[WhiteElo "1795"]
[BlackElo "1785"]
[PlyCount "83"]
[SourceDate "2023.09.13"]

1. d4 Nf6 2. Bg5 g6 3. Bxf6 exf6 4. e3 Bg7 5. Bd3 b6 6. Ne2 Bb7 7. O-O O-O 8.
Nd2 d5 9. Nf4 c5 10. c3 Re8 11. Qf3 Qd7 12. a4 Rd8 13. b4 Na6 14. b5 Nc7 15.
dxc5 bxc5 16. Nb3 Qe7 17. Na5 Ne6 18. Nxb7 Qxb7 19. c4 Ng5 20. Qg4 h5 21. Qe2
d4 22. h4 dxe3 23. hxg5 exf2+ 24. Kh1 Re8 25. Qxf2 fxg5 26. Nd5 Bxa1 27. Rxa1
Re6 28. Rf1 f5 29. Qxc5 Rc8 30. Qd4 Kh7 31. Rxf5 Kh6 32. Rf6 Re1+ 33. Kh2 Qb8+
34. g3 Rg8 35. Qf2 Qe5 36. Rf7 h4 37. Nf6 hxg3+ 38. Qxg3 Qb2+ 39. Qg2 Qe5+ 40.
Qg3 Qb2+ 41. Qg2 Qe5+ 42. Qg3 1/2-1/2

[Event "Unna- Werl"]
[Site "?"]
[Date "2023.09.03"]
[Round "1.1"]
[White "Schwarzkopf, Christian"]
[Black "Barskij, Aleksandr"]
[Result "1/2-1/2"]
[WhiteElo "1986"]
[BlackElo "1844"]
[PlyCount "39"]
[SourceDate "2023.09.13"]

1. c4 e5 2. g3 Nf6 3. Bg2 d5 4. cxd5 Nxd5 5. Nc3 Nb6 6. Nf3 Nc6 7. O-O Be7 8.
d3 O-O 9. b3 Be6 10. Bb2 f5 11. Rc1 Bf6 12. Qc2 Qd7 13. Rfd1 Nd4 14. Nxd4 exd4
15. Na4 Nxa4 16. bxa4 c6 17. Ba3 Rfe8 18. Rb1 Be7 19. Bxe7 Rxe7 20. Rb2 1/2-1/2

[Event "Unna- Werl"]
[Site "?"]
[Date "2023.09.03"]
[Round "1.2"]
[White "Kraemer, Sascha"]
[Black "Stolle, Dietmar"]
[Result "1-0"]
[WhiteElo "1858"]
[BlackElo "1997"]
[PlyCount "75"]
[SourceDate "2023.09.13"]

1. e4 c5 2. Nf3 d6 3. d4 cxd4 4. Nxd4 Nf6 5. Nc3 g6 6. Be2 Bg7 7. Be3 O-O 8.
O-O Nc6 9. h3 Bd7 10. Nb3 Rc8 11. f4 Na5 12. Bxa7 Nc4 13. Bxc4 Rxc4 14. Bd4 Bc6
15. Qd3 b5 16. a4 e5 17. fxe5 dxe5 18. Bxe5 Nxe4 19. Bxg7 Kxg7 20. Qxd8 Rxd8
21. Na5 Nxc3 22. Nxc4 Ne2+ 23. Kf2 bxc4 24. Kxe2 Bxg2 25. Rf4 c3 26. bxc3 Bxh3
27. a5 g5 28. Rb4 g4 29. a6 h5 30. a7 Bg2 31. Rb8 Bf3+ 32. Ke3 Rd6 33. a8=Q
Re6+ 34. Kf4 Rf6+ 35. Kg5 Rg6+ 36. Kxh5 Bxa8 37. Rbxa8 g3 38. R8a6 1-0

[Event "Unna- Werl"]
[Site "?"]
[Date "2023.09.03"]
[Round "1.3"]
[White "Krahn, Reinhard"]
[Black "Humpert, Dominik"]
[Result "1/2-1/2"]
[WhiteElo "1756"]
[BlackElo "1814"]
[PlyCount "35"]
[SourceDate "2023.09.13"]

1. e4 e6 2. d4 d5 3. Nd2 c5 4. Ngf3 Nf6 5. exd5 Nxd5 6. Bb5+ Bd7 7. Bxd7+ Nxd7
8. O-O Be7 9. c4 Nb4 10. Nb3 O-O 11. a3 Nc6 12. Be3 cxd4 13. Nbxd4 Nde5 14.
Nxe5 Nxe5 15. Qe2 Bf6 16. Rfd1 Qc7 17. Rac1 Nc6 18. Nf3 1/2-1/2

[Event "Unna- Werl"]
[Site "?"]
[Date "2023.09.03"]
[Round "1.4"]
[White "Franck, Axel"]
[Black "Vieweger, Torsten"]
[Result "1/2-1/2"]
[WhiteElo "1714"]
[BlackElo "1882"]
[PlyCount "42"]
[SourceDate "2023.09.13"]

1. b4 d5 2. Bb2 e6 3. e3 f5 4. c4 Nf6 5. b5 Be7 6. Nf3 O-O 7. Nc3 c6 8. a4 Bd7
9. Qb3 Be8 10. Be2 Nbd7 11. O-O Nc5 12. Qa2 Bh5 13. Nd4 Bxe2 14. Ncxe2 Qd7 15.
f4 Rfc8 16. Ba3 Nce4 17. Bxe7 Qxe7 18. Nf3 dxc4 19. Qxc4 cxb5 20. Qxb5 Rc7 21.
Ned4 g6 1/2-1/2

[Event "Unna- Werl"]
[Site "?"]
[Date "2023.09.03"]
[Round "1.5"]
[White "Scheibe, Andreas"]
[Black "Krause, Dieter"]
[Result "1-0"]
[WhiteElo "1770"]
[BlackElo "1831"]
[PlyCount "37"]
[SourceDate "2023.09.13"]

1. e4 c5 2. d3 d5 3. Be2 dxe4 4. dxe4 Qxd1+ 5. Bxd1 Nc6 6. Nc3 Bd7 7. Be3 Nd4
8. Nf3 Nxf3+ 9. Bxf3 e6 10. e5 Rc8 11. O-O-O Bc6 12. Ne4 f5 13. exf6 g6 14. Bg5
Kf7 15. Rhe1 h6 16. Bh4 Bd5 17. c4 Bc6 18. Bg4 g5 19. Bh5# 1-0

[Event "Unna- Werl"]
[Site "?"]
[Date "2023.09.03"]
[Round "1.6"]
[White "Irlaender, Walter"]
[Black "Hering, Christian"]
[Result "1/2-1/2"]
[WhiteElo "1809"]
[BlackElo "1595"]
[PlyCount "64"]
[SourceDate "2023.09.13"]

1. e4 e5 2. Bc4 Nc6 3. c3 Nf6 4. d3 Bc5 5. b4 Nxb4 6. d4 Bb6 7. Nf3 Nc6 8. dxe5
Ng4 9. Bxf7+ Kf8 10. Bg5 Ne7 11. Bh4 Bxf2+ 12. Bxf2 Nxf2 13. Kxf2 Kxf7 14. Rf1
Ng6 15. Kg1 Ke8 16. Nbd2 Qe7 17. Qb3 Nxe5 18. Nxe5 Qxe5 19. Qf7+ Kd8 20. Rf3
Qe7 21. Raf1 Qxf7 22. Rxf7 Rg8 23. Nf3 d6 24. Nd4 c5 25. Nb5 Be6 26. Rxb7 Bc4
27. Rb1 Bd3 28. Re1 Bxb5 29. Rxb5 Kc7 30. e5 Kc6 31. a4 a6 32. Rbb1 dxe5
1/2-1/2

[Event "Unna- Werl"]
[Site "?"]
[Date "2023.09.03"]
[Round "1.8"]
[White "Grube, Frank"]
[Black "Bergmann, Thore"]
[Result "0-1"]
[WhiteElo "1742"]
[BlackElo "1802"]
[PlyCount "56"]
[SourceDate "2023.09.13"]

1. d4 Nf6 2. Nf3 g6 3. c4 c5 4. Nc3 a6 5. e4 cxd4 6. Nxd4 d6 7. Be2 Bg7 8. Be3
O-O 9. Qd2 b5 10. cxb5 axb5 11. Ndxb5 Bb7 12. f3 d5 13. Rd1 Qa5 14. exd5 Rd8
15. d6 exd6 16. O-O Ba6 17. Qc2 Nc6 18. a3 Bxb5 19. Nxb5 Rac8 20. Qb1 d5 21. b4
Qa4 22. Rd2 d4 23. Nxd4 Nxd4 24. Rxd4 Re8 25. Rd3 Rxe3 26. Rxe3 Qa7 27. Qd3 Re8
28. Kf2 Bh6 0-1

[Event "Horst Emscher 2- Mülheim Nord 4"]
[Site "?"]
[Date "2023.09.03"]
[Round "1.1"]
[White "Beckmann, Klaus"]
[Black "Arndt, Olaf"]
[Result "1/2-1/2"]
[WhiteElo "1861"]
[BlackElo "1851"]
[PlyCount "75"]
[SourceDate "2023.09.13"]

1. d4 f5 2. Nf3 e6 3. g3 Nf6 4. Bg2 d5 5. O-O Bd6 6. b3 O-O 7. c4 c6 8. Bb2 Bd7
9. Nc3 Be8 10. c5 Bc7 11. b4 Nbd7 12. a4 Ne4 13. e3 Bh5 14. Qc2 Ng5 15. Nxg5
Qxg5 16. Ne2 e5 17. dxe5 Qg4 18. Nd4 Bxe5 19. Bf3 Qg6 20. Bxh5 Qxh5 21. Rab1
Rae8 22. b5 Bxd4 23. Bxd4 Rb8 24. bxc6 bxc6 25. Rxb8 Rxb8 26. Rb1 Qe8 27. Qxf5
Nf8 28. Qc2 Ne6 29. Rb2 Nxd4 30. Rxb8 Nf3+ 31. Kg2 Nh4+ 32. Kh3 Qxb8 33. Kxh4
Qb4+ 34. g4 Qc4 35. Qf5 Qxc5 36. Qe6+ Kf8 37. Qf5+ Kg8 38. Qe6+ 1/2-1/2